[Event "22nd TCh-SLO 2012"]
[Site "Slovenia SLO"]
[Date "2012.11.23"]
[Round "1"]
[White "Srebrnic,M"]
[Black "Ribli,Z"]
[Result "1/2-1/2"]
[WhiteElo "2378"]
[BlackElo "2554"]

1.e4 c5 2.Nf3 e6 3.Nc3 a6 4.g3 Nc6 5.Bg2 d6 6.O-O Bd7 7.d4 cxd4 8.Nxd4 Nf6
9.Re1 Be7 10.a4 O-O 11.Nxc6 Bxc6 12.a5  1/2-1/2

[Event "22nd TCh-SLO 2012"]
[Site "Slovenia SLO"]
[Date "2012.11.24"]
[Round "2"]
[White "Ribli,Z"]
[Black "Kovacevic,A"]
[Result "1/2-1/2"]
[WhiteElo "2554"]
[BlackElo "2560"]

1.Nf3 c5 2.c4 Nc6 3.Nc3 g6 4.e3 Nf6 5.d4 cxd4 6.exd4 d5 7.cxd5 Nxd5 8.Bc4 Nb6
9.Bb3 Bg7 10.O-O O-O 11.d5 Na5 12.Re1 Bg4 13.h3 Bxf3 14.Qxf3 Nxb3 15.axb3 Re8
16.Be3 Bxc3 17.Bxb6 Qxb6 18.bxc3 Qxb3 19.Rab1 Qa3 20.Rxb7 Rac8 21.Rd7 Rxc3
22.Qf4 Qc5 23.d6 Rc4 24.Qe5 Qxe5 25.Rxe5 e6 26.Ra5 Ra8 27.Raxa7 Rxa7 28.Rxa7 Rd4
29.d7 Kg7 30.f4 Kf6 31.Kf2  1/2-1/2

[Event "22nd TCh-SLO 2012"]
[Site "Slovenia SLO"]
[Date "2012.11.25"]
[Round "3"]
[White "Stajner,S"]
[Black "Ribli,Z"]
[Result "0-1"]
[WhiteElo "2261"]
[BlackElo "2554"]

1.d4 Nf6 2.c4 e6 3.Nc3 Bb4 4.Qc2 c5 5.dxc5 O-O 6.Nf3 Na6 7.Bg5 Nxc5 8.Nd2 h6
9.Bh4 d5 10.cxd5 g5 11.Bg3 exd5 12.e3 d4 13.exd4 Re8+ 14.Be2 Qxd4 15.O-O-O Bxc3
16.bxc3 Qa4 17.Qxa4 Nxa4 18.Bb5 Bd7 19.Bxd7 Nxd7 20.Nc4 Rac8 21.Rxd7 Rxc4
22.Rxb7 Re2 23.Rd1 Rxc3+ 24.Kb1 Ra3 25.Rd8+ Kg7 26.Rb3 Re1+ 27.Kc2 Rxa2+
28.Kd3 Rd1+  0-1

[Event "22nd TCh-SLO 2012"]
[Site "Slovenia SLO"]
[Date "2012.11.30"]
[Round "4"]
[White "Ribli,Z"]
[Black "Horvath,Ta1"]
[Result "1/2-1/2"]
[WhiteElo "2554"]
[BlackElo "2390"]

1.Nf3 c5 2.c4 Nc6 3.d4 cxd4 4.Nxd4 Nf6 5.Nc3 e6 6.g3 Qb6 7.Nb3 Ne5 8.e4 Bb4
9.Qe2 d6 10.f4 Nc6 11.Be3 Bxc3+ 12.bxc3 Qc7 13.Bg2 O-O 14.c5 dxc5 15.Bxc5 Rd8
16.e5 Ne8 17.O-O b6 18.Ba3 Bb7 19.f5 exf5 20.Rxf5 Ne7 21.Bxb7 Qxb7 22.Rf3 Ng6
23.Raf1 Qd5 24.Rf5 Nc7 25.Bd6 Rd7 26.c4 Qe6 27.Nd4 Qe8 28.Qg2 Rc8 29.h4 Ne6
30.Nc2 h6 31.Qe4 Nc5 32.Qg4 Qe6 33.h5 Ne7 34.Nd4 Nxf5 35.Nxe6 fxe6 36.Qg6 Nxd6
37.exd6 Rf8 38.Rxf8+ Kxf8 39.Qg4 Rxd6 40.Qf4+ Ke7 41.Qe5 Rd1+ 42.Kg2 Kf7
43.Qf4+ Ke8 44.Qb8+ Kf7 45.Qxa7+ Nd7 46.Kf2 e5 47.Ke2 Rd4 48.Qc7 Ke7 49.Ke3 Rg4
50.Kf3 Rd4 51.Qc6 Rd6 52.Qc8 Nf6 53.Ke3 Nxh5 54.Ke4 Nf6+ 55.Kxe5 Nd7+ 56.Kf4 Rf6+
57.Ke3 Rf5 58.Qg8 Rg5 59.Kf2 Kd6 60.Qf7 Kc6 61.Kg2 Kd6 62.Qf4+ Kc6 63.a3 Ne5
64.Qe4+ Kc7 65.Qd5 Nd7 66.Qf7 Kd6 67.Qe8 Kc7  1/2-1/2

[Event "22nd TCh-SLO 2012"]
[Site "Slovenia SLO"]
[Date "2012.12.07"]
[Round "7"]
[White "Kozul,Z"]
[Black "Ribli,Z"]
[Result "0-1"]
[WhiteElo "2638"]
[BlackElo "2554"]

1.c4 c5 2.Nf3 Nf6 3.e3 g6 4.b3 Bg7 5.Bb2 O-O 6.Be2 b6 7.d4 cxd4 8.Nxd4 Bb7
9.Bf3 Nc6 10.O-O Rb8 11.Nxc6 dxc6 12.Be5 Nd7 13.Bxg7 Kxg7 14.Qd4+ f6 15.Nc3 Nc5
16.Be2 Qc7  0-1

[Event "22nd TCh-SLO 2012"]
[Site "Slovenia SLO"]
[Date "2012.12.09"]
[Round "9"]
[White "Zupancic,J"]
[Black "Ribli,Z"]
[Result "0-1"]
[WhiteElo "2162"]
[BlackElo "2554"]

1.c4 g6 2.g3 Bg7 3.Bg2 Nf6 4.Nf3 d5 5.cxd5 Nxd5 6.O-O Nc6 7.Nc3 O-O 8.a3 Nb6
9.d3 e5 10.Bd2 h6 11.Rc1 Qe7 12.Na4 Rd8 13.Nc5 a5 14.Qc2 Nd5 15.Rfd1 b6 16.Na4 Bb7
17.e4 Nf6 18.Be3 Ng4 19.h3 Nxe3 20.fxe3 Rd7 21.h4 Nd8 22.Bh3 Ne6 23.Ne1 Rad8
24.Kh2 Rd6 25.Nc3 c6 26.Na4 c5 27.Nc3 Nc7 28.Bg2 Ne8 29.Nb5 Re6 30.Bh3 Rc6
31.Rd2 Nf6 32.Na7 Rcd6 33.Nb5 R6d7 34.Re2 h5 35.a4 Bh6 36.Rb1 Bc6 37.Qc4 Rb7
38.Nf3 Rxd3 39.Qxd3 Bxe4 40.Qd6 Bxb1 41.Nxe5 Bf8 42.Nc4 Qxd6 43.Nbxd6 Bxd6
44.Nxd6 Re7 45.Nc8 Re8 46.Nd6 Rd8 47.Rd2 Ne8 48.Nc4 Rxd2+ 49.Nxd2 Bd3 50.Kg2 Nd6
51.Kf3 Kf8 52.e4 Nc4 53.Nxc4 Bxc4 54.Bd7 Ke7 55.Bc6 Kd6 56.Be8 Ke5 57.Ke3 Bb3
58.Bb5 Ba2 59.Be8 Be6 60.Bb5 Ba2 61.Be8 Bb1 62.Bxf7 Bxe4 63.Be8 Bc2 64.Bb5 g5
65.hxg5 Kf5 66.g6 Kxg6 67.Kf4 Kf6 68.Be8 Bd1 69.Bb5 Ke6 70.Bc4+ Kd6 71.b3 Bg4
72.Bf7 Be6 73.Bxh5 Bxb3 74.Be8 Be6 75.Bg6 c4 76.Bc2 Kc5 77.g4 b5 78.axb5 Kxb5
79.g5 a4 80.Ke5 a3 81.Bb1 Bg8 82.Kd4 Kb4 83.Ba2 c3  0-1

[Event "TCh-AUT 2012-13"]
[Site "Graz AUT"]
[Date "2013.01.17"]
[Round "4.2"]
[White "Rotstein,A"]
[Black "Ribli,Z"]
[Result "1/2-1/2"]
[WhiteElo "2506"]
[BlackElo "2554"]

1.g3 c5 2.Bg2 g6 3.e4 Bg7 4.f4 Nc6 5.Nf3 d6 6.O-O e5 7.f5 gxf5 8.exf5 Nge7
9.Ng5 Bxf5 10.Nxf7 Kxf7 11.g4 Rf8 12.gxf5 Kg8 13.Qg4 Qd7 14.Bh3 Nd5 15.d3 Kh8
16.Nc3 Nxc3 17.bxc3 e4 18.Qxe4 Bxc3 19.Rb1 Rae8 20.Qh4 Rg8+ 21.Kh1 Qf7 22.Qc4 Qh5
23.Qxc3+ Nd4 24.Bb2 Qxh3 25.Qd2 Re5 26.Qf2 Rxf5 27.Bxd4+ cxd4 28.Qxd4+ Re5
29.Rf2 Qd7 30.Qf4 Qc6+  1/2-1/2

[Event "TCh-AUT 2012-13"]
[Site "Graz AUT"]
[Date "2013.01.18"]
[Round "5.2"]
[White "Ribli,Z"]
[Black "Sebenik,M"]
[Result "1-0"]
[WhiteElo "2554"]
[BlackElo "2543"]

1.Nf3 Nf6 2.c4 e6 3.g3 d5 4.d4 c5 5.Bg2 cxd4 6.O-O Bc5 7.Nxd4 O-O 8.cxd5 Nxd5
9.Nc3 Nxc3 10.bxc3 Na6 11.Rb1 Qe7 12.Qa4 Rb8 13.Rd1 e5 14.Nb3 Bf5 15.Rb2 Bb6
16.Rbd2 Qf6 17.e3 Nc5 18.Nxc5 Bxc5 19.Ba3 b5 20.Qb3 Qe7 21.Bxc5 Qxc5 22.Rd5 Qc7
23.Qb4 a5 24.Qc5 Qxc5 25.Rxc5 Be6 26.Rxe5 Rfc8 27.Bf1 b4 28.cxb4 axb4 29.Rd2 g6
30.Kg2 Rc1 31.Rb5 Rxb5 32.Bxb5 Ra1 33.Rd4 Rb1 34.Bc4 Bxc4 35.Rxc4 h5 36.Rc2 Kg7
37.Kf3 b3 38.axb3 Rxb3 39.h3 Ra3 40.Rd2 Rb3 41.Kf4 Kf6 42.g4 hxg4 43.Kxg4 Rb1
44.Rd6+ Kg7 45.Kg3 Rg1+ 46.Kh2 Re1 47.Kg2 g5 48.h4 gxh4 49.Rd4 Ra1 50.Rxh4 f6
51.Rb4 Ra2 52.Kg3 Kg6 53.f3 Ra3 54.e4 Ra5 55.Kf4 Ra1 56.Rb6 Ra4 57.Rd6 Rb4
58.Ke3 Rb3+ 59.Kf2 Kf7 60.f4 Ra3 61.Ke2 Ke7 62.Rd3 Ra2+ 63.Kf3 Ra4 64.Rb3 Kf7
65.Rb7+ Kg6 66.f5+ Kh6 67.Rf7 Ra6 68.Kf4 Rb6 69.Rf8 Kg7 70.Ra8 Rc6 71.Ra7+ Kh6
72.Ke3 Rd6 73.Ra2 Kg7 74.Rg2+ Kf7 75.Rd2 Ra6 76.Rd7+ Ke8 77.Rc7 Ra4 78.Kd3 Kf8
79.Rc4 Ra1 80.Kd4 Rd1+ 81.Kc5 Ke7 82.Ra4 Rc1+ 83.Kd4 Rd1+ 84.Ke3 Re1+ 85.Kf2 Rb1
86.Ra7+ Kd6 87.Kf3 Rf1+ 88.Kg4 Rg1+ 89.Kh5 Ke5 90.Re7+ Kf4 91.Kh6 Rg2 92.Rg7 Ra2
93.Kg6 Kxe4 94.Re7+ Kf4 95.Re6 Rg2+ 96.Kxf6 Rg8 97.Ra6 Rf8+ 98.Kg6 Rg8+ 99.Kf7 Rb8
100.f6  1-0

[Event "TCh-AUT 2012-13"]
[Site "Graz AUT"]
[Date "2013.01.19"]
[Round "6.2"]
[White "Weiss,C"]
[Black "Ribli,Z"]
[Result "1/2-1/2"]
[WhiteElo "2406"]
[BlackElo "2554"]

1.e4 c5 2.Nf3 e6 3.Nc3 Nc6 4.g3 d6 5.Bg2 a6 6.O-O Be7 7.d4 cxd4 8.Nxd4 Bd7
9.a4 Nf6 10.h3 O-O 11.Nde2 Rb8 12.g4 b5 13.axb5 axb5 14.Ng3 b4 15.Nce2 h6
16.Be3 Ne5 17.b3 Ng6 18.Qd2 d5 19.Nf4 Nh4 20.e5 Nh7 21.Nfh5 Kh8 22.Nxg7 Kxg7
23.Bxh6+ Kh8 24.Bxf8 Bxf8 25.f4 Bb5 26.Rfe1 Rc8 27.Kh2 Rc3 28.Re3 Rc7 29.Ra2 Qc8
30.Nh5 Be7 31.Rg3 Ba6 32.g5  1/2-1/2

[Event "TCh-AUT 2012-13"]
[Site "Graz AUT"]
[Date "2013.01.20"]
[Round "7.2"]
[White "Ribli,Z"]
[Black "Rozentalis,E"]
[Result "1/2-1/2"]
[WhiteElo "2554"]
[BlackElo "2592"]

1.Nf3 Nf6 2.c4 b6 3.g3 Bb7 4.Bg2 e6 5.O-O Be7 6.d4 O-O 7.Nc3 Ne4 8.Nxe4 Bxe4
9.Nh4 Bxg2 10.Nxg2 d5 11.Qa4 Qd7 12.Qxd7 Nxd7 13.cxd5 exd5 14.Rd1 Nf6 15.Bg5 Rfe8
16.Nf4 Rad8 17.e3 Ne4 18.Bxe7 Rxe7 19.h4 g6 20.Kg2 Kg7 21.Rac1 Rd6 22.Ne2 h5
23.Nc3 c6 24.Nxe4 Rxe4 25.Rc3 Ree6 26.b4 Kf8 27.Rdc1 Ke8 28.Ra3 Rd7 29.Rac3 Rdd6
30.Ra3 Rd7 31.Rac3  1/2-1/2

[Event "TCh-HUN 2012-13"]
[Site "Mako HUN"]
[Date "2013.01.27"]
[Round "6"]
[White "Szalai,K"]
[Black "Ribli,Z"]
[Result "1/2-1/2"]
[WhiteElo "2407"]
[BlackElo "2554"]

1.Nf3 Nf6 2.g3 d5 3.Bg2 c6 4.O-O Bg4 5.d3 Nbd7 6.c4 e6 7.cxd5 exd5 8.Nc3 Bd6
9.h3 Bxf3 10.Bxf3 d4 11.Ne4 Nxe4 12.dxe4 Bc5 13.b4 Bb6 14.Bb2 Ne5 15.Bg2 Nc4
16.Bc1 Qe7 17.Qb3 Qe6 18.Bf4 Rd8 19.Rfe1 Nd6 20.Qxe6+ fxe6 21.Bxd6 Rxd6 22.e5 Rd7
23.Be4 O-O 24.Bd3 g5 25.Rf1 Bc7 26.Bc4 Kg7 27.Bxe6 Re7 28.Bc4 Rxe5 29.Kg2 h5
30.Bd3 h4 31.g4 Rfe8 32.Rfc1 Bb6 33.Rc2 R8e7 34.Rb1 a6 35.Rcb2 Kf6 36.Rf1 Ke6
37.Bc4+ Kd6 38.Rd2 Kc7 39.Rc2 Re8 40.a4 a5  1/2-1/2

[Event "TCh-HUN 2012-13"]
[Site "Paks HUN"]
[Date "2013.03.03"]
[Round "8"]
[White "Acs,Peter"]
[Black "Ribli,Z"]
[Result "0-1"]
[WhiteElo "2586"]
[BlackElo "2554"]

1.e4 c5 2.c3 d5 3.exd5 Qxd5 4.d4 Nf6 5.Nf3 e6 6.c4 Qd8 7.Nc3 cxd4 8.Qxd4 Qxd4
9.Nxd4 a6 10.Nc2 Bd7 11.Be3 Nc6 12.O-O-O Be7 13.Be2 O-O 14.g4 Be8 15.Rd2 Ne5
16.Rg1 Rc8 17.b3 Bc6 18.Rg3 Rfd8 19.f4 Rxd2 20.Bxd2 Ng6 21.Nd4 Bd6 22.Nxc6 Rxc6
23.g5 Nxf4 24.gxf6 Nxe2+ 25.Nxe2 Bxg3 26.hxg3 gxf6 27.Kc2 Kg7 28.Kd3 f5 29.a4 Rd6+
30.Ke3 e5 31.b4 h5 32.b5 axb5 33.axb5 h4 34.Bc3 h3 35.g4 f6 36.Kf2 Rd1 37.Ng3 f4
38.Nf1 Rc1  0-1

[Event "TCh-AUT 2012-13"]
[Site "St.Veit AUT"]
[Date "2013.03.23"]
[Round "10.2"]
[White "Ribli,Z"]
[Black "Tuncer,U"]
[Result "1/2-1/2"]
[WhiteElo "2554"]
[BlackElo "2328"]

1.Nf3 Nf6 2.g3 g6 3.b3 Bg7 4.Bb2 O-O 5.Bg2 d6 6.d4 c5 7.O-O cxd4 8.Nxd4 d5
9.c4 e5 10.Nf3 e4 11.Nd4 dxc4 12.bxc4 a6 13.Nc3 Re8 14.Rc1 Nbd7 15.Qc2 e3
16.f3 h5 17.Rfd1 h4 18.g4 Qe7 19.Nb3 Ne5 20.Nd5 Nxd5 21.cxd5 h3 22.Bxh3  1/2-1/2

[Event "TCh-AUT 2012-13"]
[Site "St.Veit AUT"]
[Date "2013.03.24"]
[Round "11.2"]
[White "Hera,I"]
[Black "Ribli,Z"]
[Result "0-1"]
[WhiteElo "2573"]
[BlackElo "2554"]

1.c4 e5 2.g3 Nf6 3.Bg2 d5 4.cxd5 Nxd5 5.Nc3 Nb6 6.e3 Nc6 7.Nge2 g6 8.b3 a5
9.O-O Bg7 10.Ba3 Nb4 11.f4 O-O 12.fxe5 Bxe5 13.d4 Bg7 14.Qd2 c5 15.Rad1 cxd4
16.exd4 Re8 17.Qf4 Bf5 18.g4 Be6 19.Bxb4 axb4 20.d5 Bxg4 21.Qxg4 bxc3 22.Qf3 c2
23.Rc1 Nxd5 24.Rxc2 Ne3 25.Qxf7+ Kh8 26.Rc7 Rg8 27.Rfc1 Rxa2 28.Nf4 Qg5 29.Rc8 Rxg2+
30.Kh1 Rxh2+ 31.Kxh2 Ng4+ 32.Kh3 Nf2+ 33.Kh2 Qh4+ 34.Kg2 Qg4+ 35.Kf1 Rxc8
36.Rxc8+ Qxc8 37.Kxf2 Qf8 38.Qxf8+ Bxf8 39.Kf3 Kg8 40.Ke4 Kf7 41.Nd3 Bd6
42.Kd5 Ke7 43.Nf2 h5 44.Ne4 Bc7 45.Nc5 b6  0-1

[Event "TCh-HUN 2012-13"]
[Site "Nagykanizsa HUN"]
[Date "2013.04.21"]
[Round "9"]
[White "Ribli,Z"]
[Black "Papp,T1"]
[Result "1-0"]
[WhiteElo "2554"]
[BlackElo "2297"]

1.d4 d5 2.c4 Nc6 3.Nc3 e6 4.Nf3 Nf6 5.g3 Be7 6.Bg2 O-O 7.O-O dxc4 8.e3 Nb4
9.Ne5 c5 10.dxc5 Bxc5 11.Nxc4 Rb8 12.a3 Nd3 13.b4 Be7 14.Qe2 Nxc1 15.Raxc1 Bd7
16.Rfd1 Qc7 17.Na5 Qb6 18.e4 e5 19.Nc4 Qe6 20.Nd5 Bd8 21.Qb2 Ba4 22.Rd2 Rc8
23.h4 Bb5 24.Nxf6+ Qxf6 25.Nd6 Rxc1+ 26.Qxc1 a6 27.Nxb7 Bb6 28.Nc5 Rc8 29.Bh3 Ra8
30.Bd7 Qf3 31.Bxb5 axb5 32.Rd3 Qg4 33.Qe3 h6 34.Kg2 Rc8 35.Rd5 Re8 36.Qd3 Kf8
37.Nd7+  1-0

[Event "TCh-HUN 2013-14"]
[Site "Nagykanizsa HUN"]
[Date "2013.09.08"]
[Round "1"]
[White "Ribli,Z"]
[Black "Popovics,A"]
[Result "1-0"]
[WhiteElo "2583"]
[BlackElo "2402"]

1.Nf3 c5 2.c4 Nf6 3.Nc3 Nc6 4.g3 d5 5.d4 e6 6.cxd5 Nxd5 7.Bg2 Be7 8.O-O O-O
9.Nxd5 exd5 10.dxc5 Bxc5 11.Bg5 f6 12.Bd2 Be6 13.e3 Qd7 14.Bc3 Rad8 15.Bd4 Bxd4
16.Nxd4 Bh3 17.Bxh3 Qxh3 18.Rc1 Qd7 19.Qa4 Ne5 20.Qxa7 Ra8 21.Qb6 Ra6 22.Qb3 Nc4
23.Rfd1 Rb6 24.Qc3 Rxb2 25.Nc2 Qf5 26.Rd4 Rxa2 27.Rxc4 dxc4 28.Qxc4+  1-0

[Event "TCh-HUN 2013-14"]
[Site "Budapest HUN"]
[Date "2013.09.22"]
[Round "2"]
[White "Seres,L"]
[Black "Ribli,Z"]
[Result "1/2-1/2"]
[WhiteElo "2445"]
[BlackElo "2583"]

1.e4 c5 2.Nf3 e6 3.d4 cxd4 4.Nxd4 Nc6 5.Nc3 Qc7 6.g3 a6 7.Bg2 d6 8.O-O Bd7
9.Re1 Be7 10.Nxc6 Bxc6 11.a4 Nf6 12.a5 O-O 13.Be3 Nd7 14.Na4 Rae8 15.Nb6 f5
16.Nxd7 Qxd7 17.Bb6 f4 18.Ra3 Bd8 19.Qd2 Bxb6 20.axb6 Qd8 21.Qb4 Qf6 22.e5 dxe5
23.Bxc6 bxc6 24.Qc5 fxg3 25.hxg3 Rd8 26.Rxa6 h5 27.b7 Rb8 28.Ra8 Rxb7  1/2-1/2

[Event "TCh-HUN 2013-14"]
[Site "Nagykanizsa HUN"]
[Date "2013.10.20"]
[Round "3"]
[White "Ribli,Z"]
[Black "Csonka,B"]
[Result "1/2-1/2"]
[WhiteElo "2583"]
[BlackElo "2335"]

1.Nf3 d5 2.d4 c6 3.c4 Nf6 4.Nc3 e6 5.e3 Nbd7 6.Qc2 b6 7.Bd3 Bb7 8.O-O Be7
9.b3 O-O 10.Bb2 h6 11.Rfd1 Qc7 12.Rac1 Rac8 13.Qe2 dxc4 14.Bxc4 c5 15.dxc5 Bxc5
16.Na4 Ng4 17.h3 Bxf3 18.Qxf3 Qh2+ 19.Kf1 Nde5 20.Qf4 Qxf4 21.exf4 Nxc4 22.Rxc4 Nxf2
23.Rd7 b5 24.Rxc5 bxa4 25.Ba3 Ne4 26.Rc4 Rxc4 27.bxc4 Rc8 28.c5 Nxc5 29.Rd4 Nb7
30.Rd7 Nc5 31.Rd4 Nb7 32.Rd7 Nc5  1/2-1/2

[Event "TCh-HUN 2013-14"]
[Site "Budapest HUN"]
[Date "2013.11.03"]
[Round "4"]
[White "Ribli,Z"]
[Black "Fogarasi,T"]
[Result "1-0"]
[WhiteElo "2583"]
[BlackElo "2402"]

1.Nf3 g6 2.e4 Bg7 3.d4 d6 4.Be2 Nf6 5.Nc3 O-O 6.O-O c6 7.a4 Qc7 8.Bf4 Nh5
9.Be3 e5 10.Qd2 Nd7 11.Rfd1 Nhf6 12.dxe5 dxe5 13.h3 Nh5 14.g3 a5 15.Kg2 Nhf6
16.Bc4 b6 17.Qd6 Ra7 18.Qe7 Nc5 19.Qxc7 Rxc7 20.Bxc5 bxc5 21.Nxe5 Nxe4 22.Nxe4 Bxe5
23.c3 Bf5 24.Nxc5 h5 25.Bd3 Bc8 26.Rd2 Rd8 27.Rad1 Rd5 28.Nb3 Rcd7 29.Be4 Rxd2
30.Rxd2 Rxd2 31.Nxd2 Bd7 32.Nb3 Bc7 33.Nc5 Be8 34.b4 Kf8 35.Kf3 Ke7 36.Ke2 Bb6
37.Nd3 axb4 38.cxb4 Kd7 39.a5 Bd4  1-0

[Event "TCh-AUT 1st Bundesliga 2013-14"]
[Site "Wolfsberg AUT"]
[Date "2014.01.30"]
[Round "4.6"]
[White "Ribli,Z"]
[Black "Rozentalis,E"]
[Result "1/2-1/2"]
[WhiteElo "2578"]
[BlackElo "2622"]

1.c4 e6 2.Nf3 b6 3.g3 Bb7 4.Bg2 Nf6 5.O-O Be7 6.Nc3 O-O 7.d4 Ne4 8.Nxe4 Bxe4
9.Nh4 Bxg2 10.Nxg2 d5 11.Qa4 dxc4 12.Qxc4 c5 13.Be3 cxd4 14.Bxd4 Qc8 15.Rfc1 Nd7
16.Nf4 Qxc4 17.Rxc4 Rfd8 18.Nd3 f6 19.f4 Nf8 20.a4 Ng6 21.Rac1 Rd7 22.Rc8+ Rxc8
23.Rxc8+ Kf7 24.Rc4 Bd6 25.Kg2 Rc7 26.Rxc7+ Bxc7 27.Kf3 e5 28.fxe5 Bxe5 29.Bxe5 Nxe5+
30.Nxe5+ fxe5 31.Ke4  1/2-1/2

[Event "TCh-AUT 1st Bundesliga 2013-14"]
[Site "Wolfsberg AUT"]
[Date "2014.01.31"]
[Round "5.1"]
[White "Srienz,C"]
[Black "Ribli,Z"]
[Result "0-1"]
[WhiteElo "2300"]
[BlackElo "2578"]

1.e4 c5 2.b3 b6 3.Nc3 Bb7 4.Bb2 e6 5.Nf3 Nc6 6.Ne2 Rc8 7.Ng3 Nf6 8.Bb5 Be7
9.O-O O-O 10.Re1 a6 11.Bf1 d6 12.Qe2 Re8 13.Rad1 Nd7 14.d3 Nde5 15.c3 Ng6
16.Nh5 Bf8 17.Bc1 b5 18.Ng5 h6 19.Nf3 b4 20.cxb4 Nxb4 21.d4 Qa5 22.a3 Nc6
23.Ng3 cxd4 24.Nxd4 Nxd4 25.Rxd4 Rc6 26.Qd2 Qc7 27.Rc4 Rxc4 28.Bxc4 Rc8 29.Bb2 Ne5
30.Rc1 Qb6 31.Qb4 Nxc4 32.Rxc4 Qxb4 33.axb4 Rxc4 34.bxc4 d5 35.exd5 Bxb4
36.dxe6 fxe6 37.Nh5 Kf7 38.Nxg7 a5 39.Bd4 a4 40.f4 a3 41.Kf2 a2 42.Ke2 Bf8
43.Nh5 Bxg2 44.Kd2 Kg6 45.f5+ Kxh5 46.fxe6 Bf1  0-1

[Event "TCh-AUT 1st Bundesliga 2013-14"]
[Site "Wolfsberg AUT"]
[Date "2014.02.01"]
[Round "6.6"]
[White "Stevic,H"]
[Black "Ribli,Z"]
[Result "1-0"]
[WhiteElo "2611"]
[BlackElo "2578"]

1.e4 c5 2.b3 b6 3.Bb2 Bb7 4.Nc3 e6 5.Qf3 Nc6 6.O-O-O a6 7.Re1 d6 8.Qg3 Nge7
9.f4 Qc7 10.Nf3 Nd4 11.Bd3 O-O-O 12.Nxd4 cxd4 13.Ne2 e5 14.Kb1 Kb8 15.c3 exf4
16.Nxf4 d5 17.cxd4 dxe4 18.Bxe4 Ka7 19.d3 Ng6 20.Nxg6 Qxg3 21.hxg3 fxg6 22.Rhf1 Rd7
23.Bxb7 Rxb7 24.Re8 Rb8 25.Rf7+ Ka8 26.Re6 Bb4 27.a3 Rhf8 28.Rxg7 Rf1+ 29.Ka2 Bf8
30.Rxh7 Rb7 31.Rxb7 Kxb7 32.Rxg6 Kc7 33.d5 Bd6 34.Bd4 b5 35.b4 Rf5 36.Be3  1-0

[Event "TCh-AUT 1st Bundesliga 2013-14"]
[Site "Wolfsberg AUT"]
[Date "2014.02.02"]
[Round "7.2"]
[White "Ribli,Z"]
[Black "Predojevic,B"]
[Result "1/2-1/2"]
[WhiteElo "2578"]
[BlackElo "2607"]

1.Nf3 d5 2.d4 Nf6 3.c4 c6 4.Nc3 dxc4 5.a4 e6 6.e3 c5 7.Bxc4 cxd4 8.exd4 Be7
9.O-O O-O 10.Qe2 Nc6 11.Rd1 Nb4 12.Ne5 Bd7 13.Be3 Bc6 14.a5 Bd5 15.Nxd5 Nfxd5
16.a6 bxa6 17.Bd2 Bd6 18.Bxb4 Nxb4 19.Bxa6 Qe7 20.g3 Rfd8 21.Bc4 Bxe5 22.dxe5 Rxd1+
23.Rxd1 Rd8 24.Rxd8+ Qxd8 25.Qe4 a5 26.h4 g6 27.Kg2 Qd2 28.Qa8+ Kg7 29.Qb7 Nd3
30.Bxd3 Qxd3 31.Qf3  1/2-1/2

[Event "TCh-HUN 2013-14"]
[Site "Paks HUN"]
[Date "2014.02.15"]
[Round "6"]
[White "Szabo,Krisz1"]
[Black "Ribli,Z"]
[Result "1/2-1/2"]
[WhiteElo "2561"]
[BlackElo "2583"]

1.e4 c5 2.Nf3 e6 3.d4 cxd4 4.Nxd4 Nc6 5.Nb5 d6 6.c4 Nf6 7.N1c3 a6 8.Na3 Be7
9.Be2 O-O 10.O-O b6 11.Be3 Bb7 12.Qb3 Nd7 13.Rad1 Nc5 14.Qc2 Qc7 15.Qd2 Rfe8
16.Nc2 Rad8 17.b4 Nd7 18.Rc1 Qb8 19.a3 Rc8 20.f4 Ba8 21.Rfd1  1/2-1/2

[Event "TCh-HUN 2013-14"]
[Site "Nagykanizsa HUN"]
[Date "2014.02.16"]
[Round "5"]
[White "Ribli,Z"]
[Black "Kiss,At"]
[Result "0-1"]
[WhiteElo "2583"]
[BlackElo "2366"]

1.Nf3 Nf6 2.c4 e6 3.g3 d5 4.d4 Be7 5.Bg2 O-O 6.O-O Nbd7 7.Qc2 c6 8.Nbd2 b6
9.e4 Ba6 10.b3 Rc8 11.Rd1 c5 12.exd5 exd5 13.Nf1 Re8 14.Ne3 dxc4 15.d5 c3
16.Ng5 Bf8 17.Qxc3 b5 18.Bb2 h6 19.Nf3 Qb6 20.Rac1 c4 21.bxc4 bxc4 22.Rb1 Ne4
23.Qc2 c3 24.Ba3 Qf6 25.Bxf8 Kxf8 26.Rb4 Ndc5 27.Rdd4 g6 28.Rxe4 Nxe4 29.Rxe4 Rxe4
30.Qxe4 c2 31.Nxc2 Rxc2 32.h3 Rxa2 33.Qe3 Kg7 34.Nd4 Bb7 35.h4 h5 36.Nc6 a5
37.Bf3 a4 38.Kg2 Bc8 39.Ne5 Qf5 40.g4 Qf6 41.g5 Qf5 42.Qd4 Kh7 43.d6 Bd7
44.Nxd7 Qxd7 45.Kh2 a3 46.Bg2 Qg4 47.Qf6 Qf5  0-1

[Event "TCh-HUN 2013-14"]
[Site "Nagykanizsa HUN"]
[Date "2014.04.13"]
[Round "8"]
[White "Ribli,Z"]
[Black "Varga,Zo"]
[Result "1/2-1/2"]
[WhiteElo "2583"]
[BlackElo "2444"]

1.Nf3 d5 2.g3 c6 3.Bg2 Nf6 4.O-O Bg4 5.c4 e6 6.d3 dxc4 7.dxc4 Qxd1 8.Rxd1 Nbd7
9.Bf4 h6 10.Nbd2 O-O-O 11.a3 g5 12.Be3 Bc5 13.Bxc5 Nxc5 14.b4 Bxf3 15.Nxf3 Rxd1+
16.Rxd1 Ncd7 17.Kf1 Rd8 18.e3 c5 19.Nd2 Kc7 20.Ke2 b6 21.f4 gxf4 22.exf4 Ne8
23.Ne4 cxb4 24.axb4 Ndf6 25.Nxf6 Nxf6 26.Ra1 Kb8 27.Bf3 Rd4 28.Rc1 b5 29.Ke3 Rxc4
30.Rxc4 bxc4 31.Kd4 Kc7 32.Kxc4 Ne8 33.Kb5 Nd6+ 34.Ka6 Kb8 35.g4 f6 36.h4 e5
37.fxe5 fxe5 38.g5 hxg5 39.hxg5 Nf5 40.g6 Ng7 41.Be4 Ne6 42.Bd3 Nc7+ 43.Ka5 Ne6
44.Bc4 Ng7 45.Kb5 Kc7 46.Kc5 e4 47.Kd4 Kd6 48.Kxe4 Ke7 49.Ke5 Ne8 50.Kd5 Kf6
51.Bd3 Nc7+ 52.Kc6 Ne6 53.Kb7 Nd4 54.Be4 Nb5 55.Bd3 Nd4 56.Kc7 Ne6+ 57.Kd7 Nf4
58.Be4 Ne2 59.Kd6 Nd4 60.Kd5 Nb5 61.Kc5 Nc7 62.Bb1 Ne6+ 63.Kd6 Nd4 64.Be4 Nb5+
65.Kc5 Nc7 66.Bd3 Ne6+ 67.Kc6 Nf4 68.Bc2 Ne6 69.Kb7 Nd4 70.Bd3 Kg7 71.Be4 Nb5
72.Kc6 Nd4+ 73.Kd5 Ne2 74.Kc5 Kf6 75.Bd3 Nf4 76.Bb1 Ne6+ 77.Kc4 Nc7 78.Be4 Ne6
79.Kb5 Ng5 80.Bd5 Kxg6 81.Ka6 Nh3 82.Kxa7 Nf4 83.Bb3 Kf6 84.b5 Nd3 85.Kb6 Ke7
86.Kc7 Nc5 87.b6 Nxb3 88.b7  1/2-1/2